|
|
|
|
| LEADER |
00000cam a2200000 7i4500 |
| 001 |
0000000202 |
| 005 |
20000719.0 |
| 020 |
0 |
0 |
|a 9839095013
|
| 090 |
0 |
0 |
|a 658.202
|b TPM 1994
|
| 245 |
0 |
0 |
|a TPM kita
|c diedit oleh Japan Institute of Plant Maintenance
|
| 260 |
0 |
0 |
|a Petaling Jaya, Selangor :
|b Perbadanan Produktiviti Negara ,
|c 1994
|
| 300 |
|
|
|a (viii), 114 p. :
|b ill.c21cm.
|
| 440 |
0 |
0 |
|a Siri fahaman mudah TPM
|
| 500 |
0 |
0 |
|a Translated from: "Watashi tachii no TPM"
|
| 650 |
0 |
0 |
|a Plant maintenance
|x Management
|
| 710 |
1 |
1 |
|a Berjaya Group Berhad
|
| 710 |
1 |
1 |
|a Japan Institute of Plant Maintenance
|
| 710 |
1 |
1 |
|a Perbadanan Produktiviti Negara (NPC)
|
| 745 |
0 |
0 |
|a Total Productive Maintenance kita
|
| 999 |
|
|
|a 0000001056
|b Monograph
|c Open Shelf
|e Default branch
|